00836nam a2200193 a 4500003000200000005001700002008004100019050003300060100002900093245018800122260009300310300005400403504004100457650002200498650003300520650002300553650003600576650003000612020250307085009.0090707s19uu xx 00 eng d aPGS SF 487.5.D49b.D238 2009 aDauigoy, Julianne Rae G. aThe effects of orally supplementing human parenteral dextrose solution, dextrose powder solution and oral rehydrating salt solution on the growth of chicks /cJulianne Rae G. Dauigoy. aLas Piñas City, Philippines : bSouthville International School and Colleges, c2009. a31 pages : bcolored illustrations ; c28 cm.  aIncludes bibliographical references. aChickensvGrowth. aChickensvFeeding and feeds. aAnimal nutrition.  aDextrosevPhysiological effect. aOral rehydration therapy.